Empereurs de France - Statistiques

Statistiques générales
  • Ce quiz a été pris 118 fois
  • Le résultat moyen est 4 sur 5
Statistiques - réponses
Règne Réponse % Correct
800-814 Charlemagne
99%
1804-1814 / 1815 Napoléon I
88%
1852-1870 Napoléon III
88%
1815 Napoléon II
82%
814-840 Louis Le Pieux
19%
Aucun quiz correspondant
Distribution des résultats
% des personnes avec chaque résultat
Percentile par nombre de réponses
Votre historique - résultats
Vous n’avez pas pris ce quiz